Normal view MARC view

Entry Nombre personal

Number of records used in: 4

001 - NÚMERO DE CONTROL

  • campo de control: 205480

003 - IDENTIFICADOR DE NÚMERO DE CONTROL

  • campo de control: $$amxdfmo

005 - FECHA Y HORA DE LA ÚLTIMA TRANSACCIÓN

  • campo de control: 20250609154120.0

008 - ELEMENTOS DE DATO DE LONGITUD-FIJA

  • campo de control de longitud fija: 080715na|ac|||aab||||||||||||a||aa|||||d

040 ## - FUENTE DE CATALOGACIÓN

  • Centro catalogador/agencia de origen: mxdfmo
  • Lengua de catalogación: spa
  • Centro/agencia transcriptor: mxdfmo

100 1# - ENCABEZAMIENTO-NOMBRE DE PERSONA

  • Nombre de persona: Alas, Leopoldo

400 0# - TRAZADO DE VÉASE--NOMBRE DE PERSONA

  • Nombre de persona: Clarín

400 1# - TRAZADO DE VÉASE--NOMBRE DE PERSONA

  • Nombre de persona: Alas, L.
  • Forma completa/desarrollada del nombre: Leopoldo

400 1# - TRAZADO DE VÉASE--NOMBRE DE PERSONA

  • Nombre de persona: Alas, Leopoldo,
  • Fechas asociadas al nombre: 1852-1901

670 ## - FUENTE DE DATOS ENCONTRADOS

  • Cita de la fuente: Galdós, 1912:
  • Información encontrada: t. 1., t.p. (Leopoldo Alas "Clarín") lomo (L. Alas)

670 ## - FUENTE DE DATOS ENCONTRADOS

  • Cita de la fuente: Cat. Ant. Bibliomora, jul. 15, 2008:
  • Información encontrada: (Alas, Leopoldo, 1852-1901)